01390 2200313 4500001002100000005001500021035002000036007000300056008004100059020002200100082001100122084002000133100002400153245008600177250003500263300003800298650003000336700002700366700003600393520048100429264002800910336002100938337003000959338002300989990001601012990001601028990001601044990001601060INLIS00000000116450720240830101616 a0010-0824000329ta240830 a 1 ind  a978-602-54378-1-8 a2X1.61 aSR 2X1.61 VAN s0 aVanda Arieepenulis1 a114 Al - Quran stories /cVanda Arie; penyunting, Imran Laha, Regina Nopia Helnaz aCetakan pertama: Februari 2019 a200 halaman :bilustrasi ;c26 cm 4aAl Quran -- Cerita-cerita0 aImran Lahaepenyunting0 aRegina Nopia Helnazepenyunting aPendidikan harus berprinsip pada pengembangan nilai-nilai moral serta agama, di samping aspek-aspek lain yang berkaitan dengan bidang-bidang pengembangan. Hal ini sangat diperlukan sebagai upaya untuk mengantarkan anak didik menuju kedewasaan dalam berpikir, bersikap, dan berperilaku secara terpuji atau dalam islam disebut akhlakul al-karimah. Hal tersebut dapat diupayakan oleh para tenaga pendidik seperti guru dan orang tua sejak usia dini, yakni ketika masa kanak-kanak. aJakarta :bKanak,c2019 2rdacontentateks 2rdamediaatanpa perantara 2rdacarrieravolume a53198.66018 a53199.66019 a54224.67044 a54225.67045